| 000 | 00808nab a2200241u 4500 | ||
|---|---|---|---|
| 001 | 17811 | ||
| 003 | HDC | ||
| 007 | c| |||a|c|aaaa | ||
| 008 | 210224b20140613my ||||| |||| 00| 0 may d | ||
| 040 | _aHDC | ||
| 100 |
_aPetah Wazzan Iskandar / _eauthor _99541 |
||
| 245 | 0 |
_aPengeluar bihun berdepan denda RM5j / _cPetah Wazzan Iskandar |
|
| 336 |
_atext _2rdacontent |
||
| 337 |
_acomputer _2rdamedia |
||
| 338 |
_aonline resource _2rdacarrier |
||
| 650 |
_aIntellectual Property Corporation of Malaysia _917006 |
||
| 650 |
_aJAKIM _97825 |
||
| 710 | _aBERITA HARIAN | ||
| 856 | _zRequest full-text at [email protected] | ||
| 942 | _2lcc | ||
| 942 | _cNEWS | ||
| 942 | _kNWSC 005019 | ||
| 999 |
_c15127 _d15127 |
||